000 00550nam a2200205Ia 4500
005 20250923150019.0
008 008 250917s9999 xx 000 0 eng d
037 _aTextual
040 _aDSWL
_beng
_cDSWL
041 _aeng
_2eng
084 _aY, N97
_qDSWL
100 _aCarib, Ian
_9841298
245 0 _aClassical Social Theory
_c by Ian Carib
260 _aNew York
_bOxford University Press
_c1997
300 _axxiv,297 p.
365 _aINR
_b715.00
925 _g715.00
942 _cTEXL
_hY, N97
999 _c1458501
_d1458501